[Event "Petrosian Mem Internet, ICC INT"]
[Site "?"]
[Date "2004.??.??"]
[Round "2"]
[White "Lautier, J."]
[Black "Aronian, L."]
[Result "1/2-1/2"]
[WhiteElo "2680"]
[BlackElo "2675"]
[PlyCount "80"]
[EventDate "2004.??.??"]
[SourceDate "1999.07.01"]

1. d4 Nf6 2. c4 e6 3. Nc3 Bb4 4. e3 O-O 5. Bd3 d5 6. Nf3 c5 7. O-O dxc4 8. Bxc4
cxd4 9. exd4 b6 10. Bg5 Bxc3 11. bxc3 Bb7 12. Ne5 Nbd7 13. Qe2 Qc7 14. Nxd7
Nxd7 15. Rac1 Qc6 16. f3 Rac8 17. Bb5 Qd6 18. Bh4 Nf6 19. Rfd1 Qa3 20. Qd2 Nd5
21. c4 Qe3+ 22. Qf2 Qh6 23. Qg3 f6 24. Bd7 Nf4 25. Qe1 Rcd8 26. Bxe6+ Kh8 27.
d5 Qg6 28. Qf1 Rfe8 29. Re1 Qd3 30. Re4 Qxf1+ 31. Rxf1 Nxe6 32. Rxe6 Rxe6 33.
dxe6 Ba6 34. e7 Re8 35. Rd1 Kg8 36. Rd7 Kf7 37. Rxa7 Bxc4 38. Bf2 Rxe7 39.
Rxe7+ Kxe7 40. Bxb6 Bxa2 1/2-1/2

[Event "II Copa ENTEL, Santiago CHI"]
[Site "?"]
[Date "2005.??.??"]
[Round "8"]
[White "Hellsten, J."]
[Black "Leitao, R."]
[Result "1/2-1/2"]
[WhiteElo "2550"]
[BlackElo "2580"]
[PlyCount "41"]
[EventDate "2005.??.??"]
[SourceDate "1999.07.01"]

1. d4 Nf6 2. c4 e6 3. Nc3 Bb4 4. e3 b6 5. Nge2 Ba6 6. a3 Bxc3+ 7. Nxc3 d5 8.
Qf3 O-O 9. cxd5 exd5 10. Bxa6 Nxa6 11. O-O c6 12. Bd2 Nc7 13. Rad1 Qd7 14. Qe2
Rfe8 15. f3 Qe7 16. Qf2 c5 17. Ne2 Ne6 18. Bc3 Nc7 19. Bd2 Ne6 20. Bc3 Nc7 21.
Bd2 1/2-1/2

[Event "ch-BLR, Minsk BLR"]
[Site "?"]
[Date "2005.??.??"]
[Round "5"]
[White "Lutsko, I."]
[Black "Dydyshko, V."]
[Result "0-1"]
[WhiteElo "2525"]
[BlackElo "2565"]
[PlyCount "112"]
[EventDate "2005.??.??"]
[SourceDate "1999.07.01"]

1. d4 Nf6 2. c4 e6 3. Nc3 Bb4 4. e3 b6 5. Bd3 Bb7 6. Nf3 O-O 7. O-O c5 8. Na4
cxd4 9. exd4 Re8 10. Bg5 h6 11. Bh4 Be7 12. Nc3 d6 13. Re1 Nbd7 14. Rc1 Rc8 15.
h3 a6 16. Bg3 Bf8 17. a3 Rc7 18. b4 Qa8 19. c5 Rcc8 20. cxd6 Qb8 21. Qe2 b5 22.
Ne4 Bxe4 23. Bxe4 Bxd6 24. Bxd6 Qxd6 25. Bb1 Rc7 26. Ba2 Rec8 27. Qd2 Rc6 28.
Kf1 Qc7 29. Rxc6 Qxc6 30. Ne5 Qd6 31. Nf3 Rc6 32. Rc1 Qc7 33. Rxc6 Qxc6 34. Bb3
Nb6 35. Ne5 Qe4 36. Bc2 Qd5 37. Qc3 Nc4 38. a4 g6 39. axb5 axb5 40. f3 Nxe5 41.
dxe5 Nd7 42. f4 Nb6 43. Kf2 Qa2 44. Qb3 Qa1 45. Bxg6 Qd4+ 46. Kf3 Nd5 47. Be4
Nc3 48. Bc2 Qd2 49. g4 Nd5 50. Qd3 Qxf4+ 51. Ke2 Qxe5+ 52. Kd1 Kf8 53. Qd2 Kg7
54. Qd3 Qf4 55. Qh7+ Kf8 56. Bd3 Ke7 0-1

[Event "ch-BLR, Minsk BLR"]
[Site "?"]
[Date "2005.??.??"]
[Round "11"]
[White "Lutsko, I."]
[Black "Azarov, S."]
[Result "0-1"]
[WhiteElo "2525"]
[BlackElo "2565"]
[PlyCount "74"]
[EventDate "2005.??.??"]
[SourceDate "1999.07.01"]

1. d4 Nf6 2. c4 e6 3. Nc3 Bb4 4. e3 O-O 5. Bd3 d5 6. a3 Bxc3+ 7. bxc3 e5 8.
cxd5 Qxd5 9. f3 exd4 10. cxd4 c5 11. Ne2 cxd4 12. Nxd4 Nc6 13. Nxc6 Qxc6 14.
Bb2 Be6 15. Rc1 Qd7 16. O-O Rfd8 17. Bd4 Qe7 18. Qa4 Nd5 19. Bc5 Qf6 20. Bd4
Qe7 21. Bb1 f5 22. Rfe1 b6 23. e4 fxe4 24. Bxe4 Qf7 25. Qc2 Rac8 26. Qb2 Rxc1
27. Rxc1 Qd7 28. Be5 Ne3 29. Qb4 Nc4 30. Bg3 a5 31. Qc3 b5 32. Bf2 Qd6 33. Ra1
a4 34. h4 Bf7 35. Bc2 Qf4 36. Bd3 h6 37. Rb1 Qd2 0-1

[Event "78th ch-City"]
[Site "St Petersburg RUS"]
[Date "2005.03.21"]
[Round "5"]
[White "Lugovoi, A."]
[Black "Loginov, Va"]
[Result "1-0"]
[WhiteElo "2552"]
[BlackElo "2507"]
[PlyCount "41"]
[EventDate "2005.03.17"]
[EventType "tourn"]
[EventRounds "11"]
[EventCountry "RUS"]
[EventCategory "10"]
[Source "Mark Crowther"]
[SourceDate "2005.03.28"]

1. d4 Nf6 2. c4 e6 3. Nc3 Bb4 4. e3 O-O 5. Bd3 d5 6. Nf3 b6 7. a3 dxc4 8. Bxc4
Be7 9. e4 Bb7 10. Qe2 Nbd7 11. e5 Ne8 12. O-O a6 13. d5 Nc5 14. Rd1 Qc8 15. b4
exd5 16. Nxd5 Bxd5 17. Bxd5 c6 18. bxc5 cxd5 19. cxb6 Rb8 20. Be3 f6 21. Qd3
1-0

[Event "Bundesliga 0304"]
[Site "Germany"]
[Date "2004.02.15"]
[Round "9.2"]
[White "Chuchelov, Vladimir"]
[Black "Lazarev, Vladimir"]
[Result "1-0"]
[WhiteElo "2603"]
[BlackElo "2526"]
[PlyCount "95"]
[EventDate "2003.11.01"]
[EventType "team"]
[EventRounds "15"]
[EventCountry "GER"]
[Source "ChessBase"]
[SourceDate "2004.06.01"]

1. d4 Nf6 2. c4 e6 3. Nc3 Bb4 4. e3 d5 5. Nge2 O-O 6. cxd5 Nxd5 7. a3 Be7 8.
Qc2 Nd7 9. Bd2 Re8 10. Rd1 Bf8 11. g3 b6 12. Bg2 Bb7 13. Nxd5 exd5 14. O-O a5
15. Rc1 c6 16. Rfd1 a4 17. Nc3 b5 18. e4 c5 19. exd5 cxd4 20. Nxb5 Qb6 21. Nc7
Rac8 22. Bf4 Red8 23. Qxa4 Qxb2 24. Rb1 Qe2 25. Re1 Qh5 26. Rxb7 Nc5 27. Qb5
Nxb7 28. Qxb7 d3 29. d6 Bxd6 30. Bf3 Qc5 31. Bxd6 Qxd6 32. Nd5 d2 33. Rd1 Rc1
34. Qb3 Qc5 35. Ne3 Rc3 36. Qb4 Qe5 37. Kg2 h5 38. h4 Rb8 39. Qa4 Qd6 40. Qa5
Rxa3 41. Qxd2 Qxd2 42. Rxd2 g6 43. Rd7 Rf8 44. Bd5 Kg7 45. Nc4 Ra6 46. Nd6 Ra5
47. Bxf7 Kh6 48. Bc4 1-0

[Event "Bundesliga 0304"]
[Site "Germany"]
[Date "2004.03.08"]
[Round "11.1"]
[White "Kasimdzhanov, Rustam"]
[Black "Almasi, Zoltan"]
[Result "1/2-1/2"]
[WhiteElo "2668"]
[BlackElo "2631"]
[PlyCount "35"]
[EventDate "2003.11.01"]
[EventType "team"]
[EventRounds "15"]
[EventCountry "GER"]
[Source "ChessBase"]
[SourceDate "2004.06.01"]

1. d4 Nf6 2. c4 e6 3. Nc3 Bb4 4. e3 O-O 5. Bd3 d5 6. Nf3 c5 7. O-O Nc6 8. a3
Bxc3 9. bxc3 Qc7 10. cxd5 exd5 11. a4 Re8 12. Ba3 c4 13. Bc2 Qa5 14. Qe1 Ne4
15. Bb2 Qd8 16. Rb1 Bf5 17. Ba3 b6 18. Nd2 1/2-1/2

[Event "Basel ITAG"]
[Site "Basel"]
[Date "2004.01.03"]
[Round "2"]
[White "Pelletier, Yannick"]
[Black "Sokolov, Andrei"]
[Result "1/2-1/2"]
[WhiteElo "2587"]
[BlackElo "2585"]
[PlyCount "50"]
[EventDate "2004.01.01"]
[EventType "tourn (rapid)"]
[EventRounds "3"]
[EventCountry "SUI"]
[EventCategory "13"]
[Source "ChessBase"]
[SourceDate "2004.03.30"]

1. d4 Nf6 2. c4 e6 3. Nc3 Bb4 4. e3 O-O 5. Bd3 d5 6. Nf3 c5 7. O-O Nc6 8. a3
Bxc3 9. bxc3 Qc7 10. Bb2 Na5 11. cxd5 exd5 12. Ne5 Nc6 13. Nxc6 bxc6 14. a4 c4
15. Bc2 Re8 16. h3 Ne4 17. f3 Ng3 18. Re1 f5 19. Qd2 Bd7 20. Ba3 Re6 21. e4
fxe4 22. fxe4 Nxe4 23. Bxe4 Rxe4 24. Rxe4 dxe4 25. Qe2 Be6 1/2-1/2

[Event "Corus-B"]
[Site "Wijk aan Zee"]
[Date "2004.01.22"]
[Round "10"]
[White "Granda Zuniga, Julio E"]
[Black "Van der Wiel, John TH"]
[Result "1-0"]
[WhiteElo "2581"]
[BlackElo "2542"]
[PlyCount "61"]
[EventDate "2004.01.10"]
[EventType "tourn"]
[EventRounds "13"]
[EventCountry "NED"]
[EventCategory "13"]
[Source "ChessBase"]
[SourceDate "2004.03.30"]

1. d4 Nf6 2. c4 e6 3. Nc3 Bb4 4. e3 c5 5. Nge2 cxd4 6. exd4 O-O 7. a3 Be7 8. g3
d5 9. cxd5 Nxd5 10. Bg2 Nxc3 11. bxc3 Nc6 12. O-O Na5 13. Rb1 Bd7 14. d5 exd5
15. Nf4 Rc8 16. Nxd5 Bc5 17. Qh5 Re8 18. Rd1 Re6 19. Bf4 g6 20. Qf3 Bc6 21. h4
Qf8 22. Qd3 Bxa3 23. Nc7 Re7 24. Bxc6 Nxc6 25. Nd5 Re6 26. Rxb7 Rd8 27. Qf3 Rc8
28. Kg2 Bc5 29. Bh6 Qe8 30. Nf6+ Rxf6 31. Qxf6 1-0

[Event "FRA-chT Gp-A"]
[Site "France"]
[Date "2004.02.01"]
[Round "3"]
[White "Vaisser, Anatoli"]
[Black "Kogan, Artur"]
[Result "1/2-1/2"]
[WhiteElo "2573"]
[BlackElo "2543"]
[PlyCount "33"]
[EventDate "2004.01.30"]
[EventType "team"]
[EventRounds "11"]
[EventCountry "FRA"]
[Source "ChessBase"]
[SourceDate "2004.03.10"]

1. d4 Nf6 2. c4 e6 3. Nc3 Bb4 4. e3 d5 5. Nge2 Nc6 6. a3 Bd6 7. cxd5 exd5 8. g3
Be6 9. Bg2 Qd7 10. h3 Ne7 11. b4 O-O 12. Nf4 Bxf4 13. exf4 Ne4 14. Nxe4 dxe4
15. Bxe4 Bd5 16. Bxd5 Nxd5 17. Kf1 1/2-1/2

[Event "GER-ch 75th"]
[Site "Hoeckendorf"]
[Date "2004.02.04"]
[Round "6"]
[White "Graf, Alexander"]
[Black "Kalinitschew, Sergey"]
[Result "1/2-1/2"]
[WhiteElo "2629"]
[BlackElo "2519"]
[PlyCount "43"]
[EventDate "2004.01.30"]
[EventType "swiss"]
[EventRounds "9"]
[EventCountry "GER"]
[Source "ChessBase"]
[SourceDate "2004.06.01"]

1. d4 Nf6 2. c4 e6 3. Nc3 Bb4 4. e3 c5 5. Nge2 cxd4 6. exd4 O-O 7. a3 Be7 8.
Nf4 d6 9. Be2 Nbd7 10. O-O a6 11. a4 b6 12. Bf3 Rb8 13. b3 Re8 14. Re1 Qc7 15.
Qd3 Bb7 16. Bd2 Bf8 17. Re2 Rbd8 18. Rae1 Ne5 19. dxe5 dxe5 20. Nfd5 exd5 21.
Nxd5 Nxd5 22. cxd5 1/2-1/2

[Event "CZE-ch"]
[Site "Karlovy Vary"]
[Date "2004.02.21"]
[Round "5"]
[White "Stocek, Jiri"]
[Black "Hracek, Zbynek"]
[Result "1/2-1/2"]
[WhiteElo "2552"]
[BlackElo "2599"]
[PlyCount "91"]
[EventDate "2004.02.17"]
[EventType "tourn"]
[EventRounds "11"]
[EventCountry "CZE"]
[EventCategory "11"]
[Source "ChessBase"]
[SourceDate "2004.06.01"]

1. d4 Nf6 2. c4 e6 3. Nc3 Bb4 4. e3 c5 5. Nge2 d5 6. a3 Ba5 7. dxc5 dxc4 8.
Qxd8+ Bxd8 9. Nd4 Nbd7 10. Bxc4 Nxc5 11. f3 e5 12. Ndb5 Ke7 13. b4 Ncd7 14. a4
Nb6 15. Ba2 Be6 16. a5 Nc4 17. Ke2 a6 18. Na3 Nd6 19. Bd2 Rc8 20. Rhc1 Bc7 21.
e4 Rhd8 22. Bxe6 Kxe6 23. Ra2 Bb8 24. Na4 Rxc1 25. Bxc1 Nd7 26. Be3 Rc8 27.
Nc5+ Ke7 28. Rc2 Rc6 29. Kd3 Bc7 30. Nb1 Nxc5+ 31. Rxc5 Nb5 32. Rxc6 bxc6 33.
Bc5+ Bd6 34. Bxd6+ Kxd6 35. Nd2 Nc7 36. Nc4+ Ke6 37. Nb2 Kd7 38. Kc4 Ne6 39.
Nd3 Kd6 40. h4 f6 41. g3 g6 42. f4 exf4 43. gxf4 h6 44. e5+ fxe5 45. fxe5+ Kc7
46. Nf2 1/2-1/2

[Event "Moscow Aeroflot op"]
[Site "Moscow"]
[Date "2004.02.17"]
[Round "1"]
[White "Kaidanov, Gregory S"]
[Black "Ovetchkin, Roman"]
[Result "1-0"]
[WhiteElo "2623"]
[BlackElo "2502"]
[PlyCount "57"]
[EventDate "2004.02.17"]
[EventType "swiss"]
[EventRounds "9"]
[EventCountry "RUS"]
[Source "ChessBase"]
[SourceDate "2004.06.01"]

1. d4 Nf6 2. c4 e6 3. Nc3 Bb4 4. e3 O-O 5. Bd3 d5 6. Nf3 c5 7. O-O cxd4 8. exd4
dxc4 9. Bxc4 Nbd7 10. Bg5 Bxc3 11. bxc3 Qc7 12. Bd3 b6 13. Re1 Bb7 14. Rc1 Rfe8
15. c4 e5 16. Bxf6 e4 17. Be5 Nxe5 18. Bxe4 Bxe4 19. Rxe4 Nxf3+ 20. Qxf3 Rad8
21. g3 Re6 22. Rxe6 fxe6 23. Qe3 Rd6 24. c5 bxc5 25. dxc5 Rc6 26. h4 h6 27. h5
Kh8 28. Rc4 Kg8 29. Rd4 1-0

[Event "Moscow Aeroflot op"]
[Site "Moscow"]
[Date "2004.02.23"]
[Round "7"]
[White "Korobov, Anton"]
[Black "Vescovi, Giovanni P"]
[Result "1-0"]
[WhiteElo "2552"]
[BlackElo "2633"]
[PlyCount "103"]
[EventDate "2004.02.17"]
[EventType "swiss"]
[EventRounds "9"]
[EventCountry "RUS"]
[Source "ChessBase"]
[SourceDate "2004.06.01"]

1. d4 Nf6 2. c4 e6 3. Nc3 Bb4 4. e3 O-O 5. Bd3 d5 6. Nf3 c5 7. O-O Nc6 8. a3
Bxc3 9. bxc3 Qc7 10. h3 dxc4 11. Bxc4 e5 12. Bb2 Bf5 13. Qe2 a6 14. Ba2 Rfe8
15. Rad1 Rad8 16. d5 Ne7 17. c4 Ng6 18. Nd2 h5 19. e4 Nf4 20. Qe3 Bxh3 21. gxh3
Qe7 22. Rde1 Rd6 23. Kh1 Ng4 24. Qg3 Rg6 25. Nf3 Nd3 26. hxg4 Rxg4 27. Qh2 Nxb2
28. Re3 g6 29. Bb3 b5 30. cxb5 axb5 31. Rb1 Na4 32. Rd1 Nb6 33. d6 Qd8 34. Bd5
Nxd5 35. Rxd5 Re6 36. d7 c4 37. Nxe5 Rh4 38. Rh3 Rxe4 39. Re3 Rxe3 40. fxe3 Kg7
41. Rc5 Rd6 42. Qf4 f6 43. Rc8 Qa5 44. Nf3 Rxd7 45. Qb8 Qxa3 46. Rh8 Rd1+ 47.
Kg2 Qa2+ 48. Kg3 h4+ 49. Rxh4 Qa6 50. Qh8+ Kf7 51. Rh7+ Ke6 52. Qe8+ 1-0

[Event "Pulvermuehle 2nd"]
[Site "Pulvermuehle"]
[Date "2004.02.28"]
[Round "11"]
[White "Conquest, Stuart"]
[Black "Naiditsch, Arkadij"]
[Result "0-1"]
[WhiteElo "2543"]
[BlackElo "2576"]
[PlyCount "66"]
[EventDate "2004.02.19"]
[EventType "tourn"]
[EventRounds "11"]
[EventCountry "GER"]
[EventCategory "11"]
[Source "ChessBase"]
[SourceDate "2004.06.01"]

1. d4 Nf6 2. c4 e6 3. Nc3 Bb4 4. e3 O-O 5. Bd3 d5 6. a3 Bxc3+ 7. bxc3 dxc4 8.
Bxc4 c5 9. Nf3 Qc7 10. Ba2 b6 11. O-O Nbd7 12. Bb2 Bb7 13. Qe2 e5 14. Rfd1 Rad8
15. Rac1 h6 16. Nh4 Rfe8 17. Nf5 Nf8 18. f3 e4 19. f4 Bc8 20. g4 h5 21. d5 Bxf5
22. gxf5 Qd7 23. Kh1 Qxf5 24. Rg1 Ng4 25. c4 Ng6 26. Rg3 Rd6 27. Rcg1 Nh4 28.
h3 Rh6 29. Rd1 Qd7 30. Qe1 f6 31. Bb1 Nf5 32. d6 Nxg3+ 33. Qxg3 Nf2+ 0-1

[Event "Cappelle op 20th"]
[Site "Cappelle la Grande"]
[Date "2004.02.29"]
[Round "2"]
[White "Korobov, Anton"]
[Black "Rozentalis, Eduardas"]
[Result "1/2-1/2"]
[WhiteElo "2552"]
[BlackElo "2625"]
[PlyCount "42"]
[EventDate "2004.02.28"]
[EventType "swiss"]
[EventRounds "9"]
[EventCountry "FRA"]
[Source "ChessBase"]
[SourceDate "2004.05.04"]

1. d4 Nf6 2. c4 e6 3. Nc3 Bb4 4. e3 b6 5. Nge2 O-O 6. a3 Bxc3+ 7. Nxc3 d5 8.
Be2 Bb7 9. O-O dxc4 10. Bxc4 Nbd7 11. b4 c5 12. Bb2 Qc7 13. Be2 Rfd8 14. Rc1
Rac8 15. f3 Qb8 16. dxc5 bxc5 17. Qb3 cxb4 18. axb4 h5 19. Na4 Bc6 20. b5 a6
21. Qd1 Kf8 1/2-1/2

[Event "SUI-chT"]
[Site "Switzerland"]
[Date "2004.06.13"]
[Round "5.2"]
[White "Milov, Vadim"]
[Black "Gavrikov, Viktor"]
[Result "1-0"]
[WhiteElo "2680"]
[BlackElo "2565"]
[PlyCount "49"]
[EventDate "2004.03.??"]
[EventType "team"]
[EventRounds "11"]
[EventCountry "SUI"]
[Source "ChessBase"]
[SourceDate "2004.07.27"]

1. d4 Nf6 2. c4 e6 3. Nc3 Bb4 4. e3 O-O 5. Nge2 d5 6. a3 Be7 7. cxd5 exd5 8. b4
c6 9. Ng3 Re8 10. Bd3 Nbd7 11. O-O b6 12. Qf3 Bb7 13. Nf5 g6 14. Nh6+ Kg7 15.
e4 dxe4 16. Nxe4 Qc8 17. Bc4 Rf8 18. Ng5 Nd5 19. Bxd5 cxd5 20. Re1 Bf6 21. Qh3
Bxg5 22. Bxg5 Bc6 23. Re7 Nf6 24. Qf3 Nh5 25. Rxf7+ 1-0

[Event "Poikovsky Karpov 5th"]
[Site "Poikovsky"]
[Date "2004.03.24"]
[Round "7"]
[White "Aleksandrov, Aleksej"]
[Black "Zhang Zhong"]
[Result "1/2-1/2"]
[WhiteElo "2679"]
[BlackElo "2639"]
[PlyCount "166"]
[EventDate "2004.03.17"]
[EventType "tourn"]
[EventRounds "9"]
[EventCountry "RUS"]
[EventCategory "18"]
[Source "ChessBase"]
[SourceDate "2004.06.01"]

1. d4 e6 2. c4 Nf6 3. Nc3 Bb4 4. e3 O-O 5. Bd3 d5 6. cxd5 exd5 7. Nge2 Re8 8.
Bd2 Bd6 9. Rc1 a6 10. O-O Nbd7 11. Ng3 b6 12. f3 c5 13. Nce2 Bb7 14. Qe1 Bf8
15. Qf2 Rc8 16. Kh1 g6 17. Rcd1 Qe7 18. Rfe1 Bh6 19. Nf1 Qf8 20. a3 Re7 21. Bc2
Rce8 22. dxc5 bxc5 23. b4 Re5 24. Ba4 Rc8 25. Bc3 Re6 26. Qh4 d4 27. Bxd7 Nxd7
28. exd4 cxd4 29. Nxd4 Rxe1 30. Qxe1 Bg7 31. Ba1 Re8 32. Qf2 Qd6 33. Qc2 Rc8
34. Qb3 Qe7 35. h3 Nb6 36. Ne3 Qc7 37. Qb1 Qf4 38. Ndc2 Nc4 39. Nxc4 Qxc4 40.
Bxg7 Kxg7 41. Ne3 Qc3 42. Rd3 Qc1+ 43. Qxc1 Rxc1+ 44. Kh2 Bc6 45. Nd5 Bb5 46.
Rc3 Ra1 47. Nc7 Ra2 48. Nxb5 axb5 49. f4 h5 50. Kg3 h4+ 51. Kf3 f5 52. Rc7+ Kf6
53. Rc6+ Kf7 54. Ra6 Rb2 55. Ra5 Rb3+ 56. Ke2 Rb2+ 57. Kf1 Rb1+ 58. Kf2 Rb2+
59. Kg1 Rb1+ 60. Kh2 Rb3 61. Rxb5 Rxa3 62. Rb7+ Kf6 63. Rb8 Rb3 64. b5 Rb1 65.
b6 Rb2 66. Kg1 Kg7 67. Kf1 Kh7 68. Rb7+ Kh6 69. Rb8 Kg7 70. Ke1 Rxg2 71. Rc8
Rb2 72. Rc7+ Kh6 73. b7 g5 74. fxg5+ Kxg5 75. Kd1 Kf4 76. Kc1 Rb6 77. Kc2 Ke5
78. Kd3 Kd6 79. Rh7 Kc6 80. Kd4 f4 81. Rh6+ Kxb7 82. Rh7+ Kc6 83. Rh6+ Kb7
1/2-1/2

[Event "Poikovsky Karpov 5th"]
[Site "Poikovsky"]
[Date "2004.03.24"]
[Round "7"]
[White "Lautier, Joel"]
[Black "Grischuk, Alexander"]
[Result "1/2-1/2"]
[WhiteElo "2676"]
[BlackElo "2719"]
[PlyCount "96"]
[EventDate "2004.03.17"]
[EventType "tourn"]
[EventRounds "9"]
[EventCountry "RUS"]
[EventCategory "18"]
[Source "ChessBase"]
[SourceDate "2004.06.01"]

1. d4 Nf6 2. c4 e6 3. Nc3 Bb4 4. e3 O-O 5. Bd3 c5 6. Nf3 d5 7. O-O Nc6 8. a3
Bxc3 9. bxc3 Qc7 10. Bb2 Na5 11. cxd5 exd5 12. Ne5 c4 13. Bc2 Ne4 14. f3 Nd6
15. Qb1 g6 16. a4 f6 17. Ng4 Bxg4 18. fxg4 Kg7 19. Ba3 Rae8 20. Qb4 Rd8 21. Rf4
Rf7 22. Raf1 Nb3 23. Bxb3 cxb3 24. Qxb3 Ne4 25. Rxe4 dxe4 26. c4 Rc8 27. Rc1
Qb6 28. Qd1 Qa6 29. c5 Rd7 30. Qb3 Qc6 31. a5 Rcc7 32. Rf1 Qd5 33. Qb1 Rc6 34.
Rf4 Re6 35. h3 h6 36. Bb4 Rf7 37. Be1 b6 38. axb6 axb6 39. cxb6 Rb7 40. Qc2
Rexb6 41. Bg3 Rb2 42. Qc8 Re7 43. Rxf6 Kxf6 44. Qf8+ Ke6 45. Qg8+ Rf7 46. Qe8+
Re7 47. Qg8+ Rf7 48. Qe8+ Re7 1/2-1/2

[Event "Reykjavik rapid"]
[Site "Reykjavik"]
[Date "2004.03.18"]
[Round "1.1"]
[White "Epishin, Vladimir"]
[Black "Nielsen, Peter Heine"]
[Result "0-1"]
[WhiteElo "2633"]
[BlackElo "2638"]
[PlyCount "164"]
[EventDate "2004.03.18"]
[EventType "k.o. (rapid)"]
[EventRounds "4"]
[EventCountry "ISL"]
[Source "ChessBase"]
[SourceDate "2004.06.01"]

1. d4 Nf6 2. c4 e6 3. Nc3 Bb4 4. e3 O-O 5. Nge2 d5 6. a3 Bd6 7. Ng3 c5 8. dxc5
Bxc5 9. cxd5 exd5 10. Bd3 Bg4 11. Nce2 Nc6 12. O-O Re8 13. h3 Bxe2 14. Nxe2 d4
15. b4 Bb6 16. b5 Ne5 17. Nxd4 Bxd4 18. exd4 Nxd3 19. Qxd3 Nd5 20. Bd2 Qd7 21.
Rfe1 f6 22. a4 Rxe1+ 23. Rxe1 Re8 24. Rxe8+ Qxe8 25. a5 Qd7 26. Qc4 b6 27. a6
Qe6 28. Qc6 Qxc6 29. bxc6 Kf7 30. Bf4 Ne7 31. d5 Nxd5 32. Bb8 Ke7 33. Bxa7 Kd6
34. Bb8+ Kxc6 35. Kf1 Nb4 36. a7 Kb7 37. Ke2 Nc6 38. Bd6 Nxa7 39. Kd3 Kc6 40.
Bf8 g6 41. Ke4 Nb5 42. g4 Nd6+ 43. Kd4 b5 44. Be7 Ne8 45. f3 Kd7 46. Ba3 Nc7
47. Bc1 Kc6 48. Bb2 Nd5 49. Bc1 Kd6 50. h4 Ke6 51. Bd2 h5 52. Kc5 b4 53. Kc4
Ke5 54. Bc1 Ke6 55. Bd2 f5 56. gxh5 gxh5 57. Bh6 f4 58. Bf8 Ne3+ 59. Kxb4 Ng2
60. Bh6 Kf5 61. Bg5 Ne1 62. Kc3 Nxf3 63. Be7 Ke4 64. Kc2 Kf5 65. Kd3 Kg4 66.
Ke4 Nd2+ 67. Kd3 Nf1 68. Ke2 Ng3+ 69. Kf2 Nf5 70. Bd8 Nxh4 71. Bc7 Nf5 72. Kg2
h4 73. Kf2 h3 74. Bb8 Ng3 75. Kg1 Nf5 76. Ba7 Ne3 77. Kh2 Nf1+ 78. Kg1 Kg3 79.
Bf2+ Kf3 80. Bc5 Ke2 81. Bd6 f3 82. Bc5 Ne3 0-1

[Event "St Petersburg-ch 77th"]
[Site "St Petersburg"]
[Date "2004.04.02"]
[Round "2"]
[White "Lugovoi, Aleksei"]
[Black "Ionov, Sergey"]
[Result "1-0"]
[WhiteElo "2554"]
[BlackElo "2538"]
[PlyCount "71"]
[EventDate "2004.04.01"]
[EventType "tourn"]
[EventRounds "11"]
[EventCountry "RUS"]
[EventCategory "10"]
[Source "ChessBase"]
[SourceDate "2004.07.27"]

1. d4 Nf6 2. c4 e6 3. Nc3 Bb4 4. e3 c5 5. Nge2 cxd4 6. exd4 d5 7. c5 Ne4 8. Bd2
Bxc3 9. Nxc3 O-O 10. Bd3 Nc6 11. Be3 Nxc3 12. bxc3 b6 13. O-O bxc5 14. dxc5 Qa5
15. Qc2 f5 16. f4 Ba6 17. Bd4 Rab8 18. Rfe1 Rfe8 19. a4 Bxd3 20. Qxd3 Qc7 21.
Qf3 Rb3 22. Re3 Qd7 23. Qe2 Re7 24. h3 h6 25. a5 Kh7 26. Re1 e5 27. Bxe5 Nxa5
28. Qc2 Rb7 29. Rd1 Nc6 30. Qa2 Nxe5 31. Rxd5 Qb5 32. Rdxe5 Rxe5 33. Rxe5 Qb1+
34. Qxb1 Rxb1+ 35. Kf2 Kg6 36. c6 1-0

[Event "St Petersburg-ch 77th"]
[Site "St Petersburg"]
[Date "2004.04.10"]
[Round "10"]
[White "Lugovoi, Aleksei"]
[Black "Loginov, Valery A"]
[Result "1/2-1/2"]
[WhiteElo "2554"]
[BlackElo "2516"]
[PlyCount "31"]
[EventDate "2004.04.01"]
[EventType "tourn"]
[EventRounds "11"]
[EventCountry "RUS"]
[EventCategory "10"]
[Source "ChessBase"]
[SourceDate "2004.07.27"]

1. d4 Nf6 2. c4 e6 3. Nc3 Bb4 4. e3 O-O 5. Bd3 d5 6. Nf3 c5 7. O-O cxd4 8. exd4
dxc4 9. Bxc4 b6 10. Bg5 Bb7 11. Rc1 Nbd7 12. Qe2 Rc8 13. Ne5 Be7 14. Rfd1 Nd5
15. Bxd5 Bxd5 16. Bxe7 1/2-1/2

[Event "Neckar op 8th"]
[Site "Deizisau"]
[Date "2004.04.10"]
[Round "5"]
[White "Kasimdzhanov, Rustam"]
[Black "Groszpeter, Attila"]
[Result "1-0"]
[WhiteElo "2652"]
[BlackElo "2508"]
[PlyCount "99"]
[EventDate "2004.04.08"]
[EventType "swiss"]
[EventRounds "9"]
[EventCountry "GER"]
[Source "ChessBase"]
[SourceDate "2004.05.04"]

1. d4 Nf6 2. c4 e6 3. Nc3 Bb4 4. e3 O-O 5. Bd3 d5 6. Nf3 c5 7. O-O Nc6 8. a3
Bxc3 9. bxc3 Qc7 10. Bb2 Re8 11. h3 dxc4 12. Bxc4 b6 13. Qe2 Bb7 14. Rac1 Ne7
15. Rfd1 Ng6 16. Ba2 Qc6 17. c4 cxd4 18. Rxd4 e5 19. Rdd1 Ne4 20. c5 Nxc5 21.
h4 Re7 22. h5 Nf8 23. Bd5 Qe8 24. Nxe5 Rxe5 25. Bxe5 Qxe5 26. Rxc5 bxc5 27.
Bxb7 Rb8 28. Bd5 h6 29. Bc4 Qe7 30. Qd2 Nh7 31. Qd6 Qxd6 32. Rxd6 Nf6 33. Rc6
Ng4 34. Rxc5 Rb1+ 35. Bf1 Kf8 36. Rc8+ Ke7 37. Rc7+ Ke6 38. Rxa7 Nf6 39. Ra6+
Ke7 40. Ra5 Ra1 41. f3 Kd6 42. Kf2 Kc6 43. Bc4 Kb6 44. Re5 Rxa3 45. Bxf7 Kc6
46. e4 Kd6 47. Rb5 Nd7 48. Rd5+ Ke7 49. Bg6 Nb6 50. Rf5 1-0

[Event "ACP Blitz Prelim3"]
[Site "playchess.com INT"]
[Date "2004.04.14"]
[Round "17"]
[White "Vaisser, Anatoli"]
[Black "Lautier, Joel"]
[Result "1/2-1/2"]
[WhiteElo "2573"]
[BlackElo "2680"]
[PlyCount "115"]
[EventDate "2004.04.14"]
[EventType "tourn (blitz)"]
[EventRounds "17"]
[EventCountry "GER"]
[EventCategory "12"]
[Source "ChessBase"]
[SourceDate "2004.05.04"]

1. d4 Nf6 2. c4 e6 3. Nc3 Bb4 4. e3 O-O 5. a3 Bxc3+ 6. bxc3 c5 7. Ne2 b6 8. Ng3
Ba6 9. e4 d6 10. f4 Nc6 11. e5 Nd7 12. exd6 Na5 13. Bd3 Bxc4 14. O-O cxd4 15.
cxd4 Nf6 16. Bxc4 Nxc4 17. Qd3 Nxd6 18. f5 exf5 19. Nxf5 Nxf5 20. Rxf5 Nd5 21.
Bg5 Qd6 22. Raf1 f6 23. Bf4 Qe6 24. Bd2 Rfe8 25. h3 Rad8 26. R5f3 Qe2 27. Qxe2
Rxe2 28. R1f2 Re4 29. Rd3 Kf7 30. Kf1 Rc8 31. Re2 Rxe2 32. Kxe2 Rc2 33. Kf3 Ke6
34. g4 g6 35. h4 Ra2 36. h5 Ra1 37. hxg6 hxg6 38. g5 f5 39. Ke2 Rg1 40. Rh3
Rg2+ 41. Kd3 f4 42. Rh7 a5 43. Rh8 Rxg5 44. Re8+ Kd7 45. Rf8 Rf5 46. Rg8 Rf6
47. Ke4 Ne7 48. Rg7 Ke6 49. Bxf4 Rf5 50. Be5 Rf1 51. d5+ Nxd5 52. Rxg6+ Nf6+
53. Bxf6 Rxf6 54. Rxf6+ Kxf6 55. Kd5 b5 56. Kc5 b4 57. axb4 axb4 58. Kxb4
1/2-1/2

[Event "Dubai op 6th"]
[Site "Dubai"]
[Date "2004.04.25"]
[Round "7"]
[White "Vladimirov, Evgeny"]
[Black "Gelashvili, Tamaz"]
[Result "1-0"]
[WhiteElo "2621"]
[BlackElo "2542"]
[PlyCount "53"]
[EventDate "2004.04.19"]
[EventType "swiss"]
[EventRounds "9"]
[EventCountry "UAE"]
[Source "ChessBase"]
[SourceDate "2004.07.27"]

1. d4 Nf6 2. c4 e6 3. Nc3 Bb4 4. e3 c5 5. Bd3 Nc6 6. Nge2 cxd4 7. exd4 d5 8.
cxd5 Nxd5 9. O-O O-O 10. Nxd5 exd5 11. Be3 Bd6 12. Nf4 g6 13. Qf3 Be6 14. Nxe6
fxe6 15. Qg4 Qf6 16. Rad1 Rae8 17. h4 e5 18. dxe5 Rxe5 19. Bg5 Qg7 20. Bf4 Bc5
21. Bxe5 Qxe5 22. Qg5 Qxg5 23. hxg5 Ne5 24. Be2 d4 25. g3 d3 26. Bxd3 Rf3 27.
Be2 1-0